Statistics for WWE - Lance Storm's PPV Opponents

Click here to take the quiz!

General Stats

  • This quiz has been taken 158 times
  • The average score is 31 of 36

Answer Stats

YearEventMatch TypeOpponent% Correct
2001InvasionTag Team MatchEdge
99%
2002VengeanceTag Team MatchEdge
99%
2001SummerSlamEdge
99%
2002Armageddon4-Team Elimination MatchChristian
97%
2001InvasionTag Team MatchChristian
97%
2001Unforgiven4-Team Elimination MatchBubba Ray Dudley
96%
2003Royal RumbleTag Team MatchBubba Ray Dudley
96%
2002Armageddon4-Team Elimination MatchBubba Ray Dudley
96%
2002Unforgiven8-Man Tag Team MatchBubba Ray Dudley
96%
2001Unforgiven4-Team Elimination MatchD-Von Dudley
96%
2003Royal RumbleTag Team MatchD-Von Dudley
96%
2002Armageddon4-Team Elimination MatchD-Von Dudley
96%
2001Unforgiven4-Team Elimination MatchSpike Dudley
94%
2002Armageddon4-Team Elimination MatchChris Jericho
90%
2005ECW One Night StandChris Jericho
90%
2001Unforgiven4-Team Elimination MatchJeff Hardy
90%
2002No Way OutTag Team Turmoil MatchJeff Hardy
90%
2001No MercyTag Team MatchJeff Hardy
90%
2001No MercyTag Team MatchMatt Hardy
90%
2002No Way OutTag Team Turmoil MatchMatt Hardy
90%
2001Unforgiven4-Team Elimination MatchMatt Hardy
90%
2003No Way OutTag Team MatchRob Van Dam
90%
2002Unforgiven8-Man Tag Team MatchKane
89%
2003No Way OutTag Team MatchKane
89%
2002SummerSlamTag Team MatchBooker T
88%
2002Unforgiven8-Man Tag Team MatchBooker T
88%
2002Armageddon4-Team Elimination MatchBooker T
88%
2002SummerSlamTag Team MatchGoldust
83%
2002Armageddon4-Team Elimination MatchGoldust
83%
2002Unforgiven8-Man Tag Team MatchGoldust
83%
2002VengeanceTag Team MatchHollywood Hulk Hogan
81%
2001Unforgiven4-Team Elimination MatchThe Big Show
72%
2002No Way OutTag Team Turmoil MatchAlbert
54%
2002No Way OutTag Team Turmoil MatchScotty 2 Hotty
50%
2003ArmageddonTag Team Turmoil MatchGarrison Cade
49%
2003ArmageddonTag Team Turmoil MatchMark Jindrak
44%

Score Distribution

Percentile by Number Answered

Percent of People with Each Score

Your Score History

You have not taken this quiz